[Event "Challenge"]
[Site "http://www.queenalice.com/game.php?id=363275"]
[Date "2008.2.29"]
[Round "-"]
[White "chicalleje"]
[Black "Rafchess"]
[Result "0-1"]
[WhiteElo "1714"]
[BlackElo "1755"]

1. d4 d5 2. c4 Nc6 3. Nc3 e6 4. Nf3 Nf6 5. cxd5 exd5 6. Bg5 Bb4 7. Qc2 O-O 8. e3
h6 9. Bh4 Qd6 10. Bg3 Qe7 11. Bb5 Ne4 12. Bxc6 bxc6 13. a3 Bxc3+ 14. bxc3 Rb8
15. O-O c5 16. c4 Bf5 17. Qa4 Nxg3 18. hxg3 Bd3 19. Rfd1 Bxc4 20. Qxa7 Bb3 21.
Rdb1 c4 22. Nd2 Ra8 23. Qb7 Qd6 24. Qb4 Qxb4 25. axb4 Bc2 26. Rxa8 Rxa8 27. Rb2
Bg6 0-1

[Event "Challenge"]
[Site "http://www.queenalice.com/game.php?id=376858"]
[Date "2008.3.25"]
[Round "-"]
[White "Semao"]
[Black "Rafchess"]
[Result "0-1"]
[WhiteElo "1962"]
[BlackElo "1818"]

1. e4 Nc6 2. Bc4 Nf6 3. d3 e6 4. Nf3 d5 5. exd5 exd5 6. Bb5 Bb4+ 7. c3 Bd6 8.
O-O O-O 9. d4 Re8 10. h3 Bf5 11. Nh2 Qe7 12. Bg5 a6 13. Ba4 b5 14. Bb3 Na5 15.
Nd2 Nxb3 16. axb3 Bd3 17. Ng4 Bxf1 18. Bxf6 Be2 19. Bxe7 Bxd1 20. Rxd1 Bxe7 21.
Ne5 Bd6 22. Ndf3 f6 23. Nd3 Kf7 24. Kf1 a5 25. Rc1 a4 26. b4 a3 27. bxa3 Rxa3
28. Nfe1 g5 29. Nc2 Rxc3 30. g4 Bf4 0-1

[Event "Challenge"]
[Site "http://www.queenalice.com/game.php?id=378363"]
[Date "2008.3.28"]
[Round "-"]
[White "Josecarlos"]
[Black "Rafchess"]
[Result "0-1"]
[WhiteElo "1880"]
[BlackElo "1811"]

1. d4 Nf6 2. c4 g6 3. Nc3 Bg7 4. e4 d6 5. Bd2 O-O 6. Nf3 c5 7. Be3 cxd4 8. Bxd4
Nc6 9. h3 Nxd4 10. Nxd4 Qb6 11. Nb3 Be6 12. Bd3 Rfc8 13. Qe2 Nh5 14. c5 dxc5 15.
Bc4 Nf4 16. Qf1 Qb4 17. Bxe6 Bxc3+ 18. bxc3 Qxc3+ 0-1

[Event "Challenge"]
[Site "http://www.queenalice.com/game.php?id=379490"]
[Date "2008.3.30"]
[Round "-"]
[White "Rafchess"]
[Black "Bernhardur"]
[Result "1-0"]
[WhiteElo "1783"]
[BlackElo "1834"]

1. e4 c5 2. Nc3 Nc6 3. Nf3 a6 4. d4 cxd4 5. Nxd4 e5 6. Nxc6 bxc6 7. Qh5 d6 8.
Bc4 g6 9. Qf3 Nf6 10. O-O Bg4 11. Qd3 Bg7 12. h3 Be6 13. Rd1 Bxc4 14. Qxc4 Qc7
15. Bg5 a5 16. Nb5 1-0

[Event "Challenge"]
[Site "http://www.queenalice.com/game.php?id=385299"]
[Date "2008.4.10"]
[Round "-"]
[White "Ginga"]
[Black "Rafchess"]
[Result "0-1"]
[WhiteElo "1230"]
[BlackElo "1818"]

1. Nf3 Nc6 2. c3 e5 3. Qa4 Nf6 4. Ng5 h6 5. Nh3 d5 6. e3 Bd6 7. g3 O-O 8. Qb5 e4
9. Nf4 Ne5 10. Bg2 g5 11. Ne2 Nd3+ 12. Kf1 Ng4 13. h3 c6 14. Qb3 Nc5 15. Nd4
Nxb3 16. axb3 Ne5 17. Nf5 Bxf5 18. Na3 Nd3 19. g4 Bd7 20. c4 Qf6 21. Nc2 Qxf2#
0-1

[Event "Challenge"]
[Site "http://www.queenalice.com/game.php?id=385763"]
[Date "2008.4.11"]
[Round "-"]
[White "Rafchess"]
[Black "Josecarlos"]
[Result "0-1"]
[WhiteElo "1838"]
[BlackElo "1866"]

1. e4 e5 2. Nc3 Nc6 3. Nf3 Bb4 4. a3 Bxc3 5. dxc3 Nf6 6. Bc4 d6 7. Qd3 h6 8. O-O
a6 9. Be3 Bg4 10. Nh4 b6 11. Bxa6 Qd7 12. Bb5 Be6 13. f4 exf4 14. Bd4 O-O 0-1

[Event "Challenge"]
[Site "http://www.queenalice.com/game.php?id=597604"]
[Date "2009.6.2"]
[Round "-"]
[White "MarceloBP"]
[Black "Rafchess"]
[Result "0-1"]
[WhiteElo "1825"]
[BlackElo "1893"]

1. e4 e5 2. Nf3 d6 3. Bc4 Nc6 4. d4 Nf6 5. Nc3 Be7 6. d5 Na5 7. Bd3 c5 8. O-O
O-O 9. a3 c4 10. Be2 Bd7 11. b4 cxb3 12. cxb3 Rc8 13. Bb2 b5 14. Nxb5 Rb8 15. a4
a6 16. Nc3 Nxb3 17. Rb1 Qa5 18. Bc4 Nc5 19. Ba3 Qxc3 20. Bxc5 Rxb1 21. Qxb1 Qxc4
22. Be3 Nxe4 23. Qb7 Qxa4 24. Nd2 Nc3 25. Qb2 Nxd5 26. Ra1 Qb4 27. Qc1 Nxe3 28.
fxe3 Rc8 29. Qf1 Qxd2 30. Qf3 Bg5 31. Rf1 Bxe3+ 32. Kh1 f6 33. h3 Rc1 34. Qa8+
Bc8 35. h4 Rxf1+ 0-1

[Event "jeudes2"]
[Site "http://www.queenalice.com/game.php?id=603110"]
[Date "2009.6.14"]
[Round "-"]
[White "Rafchess"]
[Black "jeudes2"]
[Result "1-0"]
[WhiteElo "1876"]
[BlackElo "1904"]

1. Nf3 d5 2. g3 Nc6 3. d4 Bg4 4. Nc3 Nf6 5. Ne5 Nxe5 6. dxe5 Ne4 7. Nxd5 Be6 8.
Ne3 g6 9. Qd3 f5 10. f3 Nc5 11. Qb5+ Nd7 12. f4 Bg7 13. Qxb7 O-O 14. Qc6 Nb6 15.
Qxe6+ Rf7 16. Qc6 Rb8 17. Bg2 Nd7 18. e6 Rf6 19. Qxd7 Qxd7 20. exd7 Rd6 21. O-O
Rxd7 22. Rd1 Rd6 23. Rxd6 cxd6 24. Bd5+ Kf8 25. c3 h6 26. g4 fxg4 27. Nxg4 Rb5
28. Be4 g5 29. a4 Rb8 30. fxg5 hxg5 31. Bxg5 Rb6 32. Rf1+ Ke8 33. Bg6+ Kd8 34.
Rf7 Bf6 35. Nxf6 exf6 36. Bxf6+ Kc8 37. Bf5+ Kb8 38. Rf8+ Kb7 39. Be4+ Ka6 40.
Rf7 Rxb2 41. Bd8 Ra2 42. Bd3# 1-0

[Event "Let's Play Chess!"]
[Site "http://www.queenalice.com/game.php?id=603151"]
[Date "2009.6.14"]
[Round "-"]
[White "Rafchess"]
[Black "PROFALEXANDRE"]
[Result "1-0"]
[WhiteElo "1866"]
[BlackElo "1679"]

1. Nf3 f6 2. e4 Nc6 3. d4 d5 4. exd5 Qxd5 5. Nc3 Qe6+ 6. Be3 a6 7. d5 Qd6 8.
dxc6 Qxc6 9. Bd3 Bg4 10. Be4 Qd6 11. Qe2 Qb4 12. O-O-O f5 13. a3 Bxf3 14. Bxf3
Qh4 15. Bxb7 Rd8 16. Rxd8+ Kxd8 17. Qxa6 Ke8 18. Bc6+ Kf7 19. Bd5+ Ke8 20. Qc8#
1-0

[Event "Challenge"]
[Site "http://www.queenalice.com/game.php?id=603153"]
[Date "2009.6.14"]
[Round "-"]
[White "Rafchess"]
[Black "aris33"]
[Result "1-0"]
[WhiteElo "1844"]
[BlackElo "1941"]

1. Nf3 d6 2. Nc3 e5 3. d4 Nc6 4. d5 Nb4 5. e4 f5 6. a3 Na6 7. Ng5 Nh6 8. Bb5+
Bd7 9. Ne6 Qe7 10. Bg5 Qf7 11. Bxa6 Bxe6 12. dxe6 Qg6 13. Qd5 Rb8 14. Bb5+ c6
15. Bxc6+ 1-0

[Event "AUTO-MASTER-884"]
[Site "http://www.queenalice.com/game.php?id=640399"]
[Date "2009.8.22"]
[Round "1"]
[White "plutochess"]
[Black "Rafchess"]
[Result "1-0"]
[WhiteElo "1896"]
[BlackElo "1993"]

1. d4 d5 2. Nf3 Nf6 3. e3 Nc6 4. c3 g6 5. Bd3 Bg7 6. O-O O-O 7. Nbd2 e5 8. Nxe5
Nxe5 9. dxe5 Ng4 10. Nf3 Nxe5 11. Nxe5 Bxe5 12. Re1 Re8 13. Qa4 a6 14. f4 Bf6
15. Bd2 c5 16. Rad1 c4 17. Be2 b5 18. Qc2 1-0

[Event "AUTO-MASTER-884"]
[Site "http://www.queenalice.com/game.php?id=640400"]
[Date "2009.8.22"]
[Round "1"]
[White "Rafchess"]
[Black "plutochess"]
[Result "1-0"]
[WhiteElo "1979"]
[BlackElo "1940"]

1. d4 g6 2. e4 Bg7 3. Nc3 e6 4. Nf3 Nf6 5. e5 Nd5 6. Nxd5 exd5 7. Bg5 f6 8. exf6
Bxf6 9. Qe2+ Kf7 10. Ne5+ Kg7 11. Bh6+ Kg8 12. Ng4 Kf7 13. Qf3 Qe7+ 14. Kd2 Qb4+
15. c3 Qxb2+ 16. Kd3 Qb6 17. Bg5 1-0

[Event "AUTO-MASTER-884"]
[Site "http://www.queenalice.com/game.php?id=640413"]
[Date "2009.8.22"]
[Round "1"]
[White "RJGF"]
[Black "Rafchess"]
[Result "0-1"]
[WhiteElo "1873"]
[BlackElo "1954"]

1. d4 Nf6 2. c4 e6 3. Nc3 Nc6 4. Nf3 d5 5. cxd5 exd5 6. Bg5 Bb4 7. e3 h6 8. Bh4
g5 9. Bg3 Ne4 10. Rc1 h5 11. Be5 f6 12. Nxg5 Nxg5 13. f4 Ne4 14. a3 Bxc3+ 15.
bxc3 fxe5 16. dxe5 Qh4+ 17. g3 Nxg3 18. hxg3 Qxh1 19. Qxd5 Qxd5 20. Rd1 Qf3 0-1

[Event "AUTO-MASTER-884"]
[Site "http://www.queenalice.com/game.php?id=640414"]
[Date "2009.8.22"]
[Round "1"]
[White "Rafchess"]
[Black "RJGF"]
[Result "1-0"]
[WhiteElo "1967"]
[BlackElo "1857"]

1. d4 d6 2. Nc3 Nf6 3. Nf3 g6 4. e4 Bg7 5. Be2 O-O 6. O-O a6 7. h3 c5 8. dxc5
Nc6 9. cxd6 exd6 10. a4 Re8 11. Bc4 Nxe4 12. Nxe4 Rxe4 13. Bxf7+ Kxf7 14. Ng5+
Kg8 15. Qd5+ Re6 16. Nxe6 Bxe6 17. Qxe6+ Kh8 18. c3 Qf6 19. Qd7 Qe7 20. Qxe7
Nxe7 21. Bf4 d5 22. Rad1 Rf8 23. Bd6 Re8 24. Rfe1 Bf6 25. Rxd5 Nxd5 26. Rxe8+
Kg7 27. a5 h5 28. c4 Bxb2 29. cxd5 Bc3 30. Bc7 Bb4 31. d6 Bxd6 32. Bxd6 Kf7 33.
Re7+ Kf6 34. Rxb7 Ke6 35. Rb6 Kf5 36. Rxa6 g5 37. Rb6 g4 38. a6 gxh3 39. a7 hxg2
40. a8=Q 1-0

[Event "AUTO-MASTER-884"]
[Site "http://www.queenalice.com/game.php?id=640421"]
[Date "2009.8.22"]
[Round "1"]
[White "DenisDiaz"]
[Black "Rafchess"]
[Result "0-1"]
[WhiteElo "1948"]
[BlackElo "1920"]

1. Nf3 Nc6 2. g3 e5 3. d3 d5 4. Bg2 Bb4+ 5. Bd2 Bxd2+ 6. Nbxd2 Nf6 7. e4 dxe4 8.
Nxe4 Nxe4 9. dxe4 Be6 10. Qxd8+ Rxd8 11. b3 Bg4 12. O-O Ke7 13. h3 Bxf3 14. Bxf3
Rd2 15. Rac1 Rhd8 16. Rfd1 Nd4 17. Bg4 Nxc2 18. Kf1 f6 19. h4 a5 20. Re1 Nxe1
0-1

[Event "AUTO-MASTER-884"]
[Site "http://www.queenalice.com/game.php?id=640422"]
[Date "2009.8.22"]
[Round "1"]
[White "Rafchess"]
[Black "DenisDiaz"]
[Result "1-0"]
[WhiteElo "1937"]
[BlackElo "1951"]

1. d4 Nf6 2. Nc3 e6 3. Nf3 d5 4. g3 a6 5. Bg2 Bb4 6. O-O Nbd7 7. Bf4 O-O 8. a3
Bd6 9. Ne5 h6 10. e4 g5 11. Nxd7 Nxd7 12. Bxd6 cxd6 13. exd5 Rb8 14. f4 Nb6 15.
fxg5 Qxg5 16. Ne4 Qg7 17. dxe6 Bxe6 18. Nf6+ Kh8 19. d5 Bc8 20. Qe2 Nd7 21. Qe7
Nxf6 22. Rxf6 Bg4 23. Qxd6 h5 24. h3 Be2 25. Re1 Bb5 26. Re5 1-0

[Event "AUTO-MASTER-884"]
[Site "http://www.queenalice.com/game.php?id=776610"]
[Date "2010.5.16"]
[Round "2"]
[White "Meauxchess"]
[Black "Rafchess"]
[Result "1-0"]
[WhiteElo "2282"]
[BlackElo "1973"]

1. d4 Nf6 2. c4 c5 3. d5 Na6 4. Nc3 d6 5. e4 g6 6. Nf3 Bg7 7. Be2 O-O 8. O-O Qb6
9. Rb1 Re8 10. Bg5 h6 11. Be3 e6 12. Nd2 Qa5 13. a3 Bd7 14. h3 exd5 15. cxd5 1-0

[Event "AUTO-MASTER-884"]
[Site "http://www.queenalice.com/game.php?id=776611"]
[Date "2010.5.16"]
[Round "2"]
[White "Rafchess"]
[Black "Meauxchess"]
[Result "0-1"]
[WhiteElo "1969"]
[BlackElo "2285"]

1. Nc3 e5 2. Nf3 Nc6 3. d4 exd4 4. Nxd4 Nf6 5. g3 Bc5 6. Be3 Bb6 7. Bg2 O-O 8.
O-O d5 9. Na4 Qe7 10. Nxb6 axb6 11. Bf4 Nh5 12. e3 Nxf4 13. exf4 Qb4 14. c3 Qxb2
0-1